00443nam a2200181 a 4500001001300000003000900013005001700022008004100039020001000080082001600090100001500106245003200121260002700153300000900180500003500189650002200224700001500246nice12345678IN_TiNIC20260116011450.0070801s1956 mada grp 000 0 eng  ac10000a269.2bSPE1 aSpencer, H aIslam and the Gospel of God aMadras bNo Pub c1956 a122p aincludes index and biblioraphy aEvangelistic Work1 aSpencer, H